ARRUPE JESUIT UNIVERSITY

CORONAVIRUS -STOP THE SPREAD - CLEAN,DISINFECT,COVER

The Vikings. (Record no. 128747)

MARC details
000 -LEADER
fixed length control field 00814cam a22002771 4500
001 - CONTROL NUMBER
control field 10300261
003 - CONTROL NUMBER IDENTIFIER
control field ARRUPE
005 - DATE AND TIME OF LATEST TRANSACTION
control field 20190109105114.0
008 - FIXED-LENGTH DATA ELEMENTS--GENERAL INFORMATION
fixed length control field 720918s1960 enk 000 0 eng
010 ## - LIBRARY OF CONGRESS CONTROL NUMBER
LC control number 60023712
015 ## - NATIONAL BIBLIOGRAPHY NUMBER
National bibliography number GB60-7465
035 ## - SYSTEM CONTROL NUMBER
System control number (OCoLC)407588
040 ## - CATALOGING SOURCE
Original cataloging agency DLC
Transcribing agency ODaWU
Modifying agency OCoLC
-- Uk
-- DLC
041 1# - LANGUAGE CODE
Language code of text/sound track or separate title engswe
042 ## - AUTHENTICATION CODE
Authentication code premarc
050 00 - LIBRARY OF CONGRESS CALL NUMBER
Classification number SPC. DL65
Item number .B713
300 ## - PHYSICAL DESCRIPTION
Dimensions 19cm.
100 1# - MAIN ENTRY--PERSONAL NAME
Personal name Brøndsted, Johannes,
Dates associated with a name 1890-1965.
9 (RLIN) 43905
245 14 - TITLE STATEMENT
Title The Vikings.
Statement of responsibility, etc Johannes Brondsted
260 ## - PUBLICATION, DISTRIBUTION, ETC. (IMPRINT)
Place of publication, distribution, etc [Harmondsworth, Middlesex; Baltimore]
Name of publisher, distributor, etc Penguin Books
Date of publication, distribution, etc [1960]
300 ## - PHYSICAL DESCRIPTION
Extent 319 p. ;
490 0# - SERIES STATEMENT
Series statement A Pelican book,
Volume number/sequential designation A459
504 ## - BIBLIOGRAPHY, ETC. NOTE
Bibliography, etc Includes bibliography.
650 #0 - SUBJECT ADDED ENTRY--TOPICAL TERM
Topical term or geographic name as entry element Vikings.
General subdivision History
9 (RLIN) 43906
906 ## - LOCAL DATA ELEMENT F, LDF (RLIN)
a 7
b cbc
c oclcrpl
d u
e ncip
f 19
g y-gencatlg
942 ## - ADDED ENTRY ELEMENTS (KOHA)
Source of classification or shelving scheme Library of Congress Classification
Koha item type SPC
Holdings
Withdrawn status Lost status Source of classification or shelving scheme Damaged status Not for loan Collection code Home library Current library Shelving location Date acquired Total Checkouts Full call number Barcode Date last seen Price effective from Koha item type
    Library of Congress Classification     SPECIAL Collection ARRUPE LIBRARY ARRUPE LIBRARY REFERENCE 09/01/2019   SPC. DL65 .B713 46600002777 09/01/2019 09/01/2019 SPC

 

Arrupe Library. PO Box MP320 Mt Pleasant, Harare, Zimbabwe
263 242 745411|librarian@aju.ac.zw